000 01104nam a22003377a 4500
003 CHAP
005 20220329134131.0
008 971013s1982 r 00010 d
010 _a15915
011 _a16887
035 _a20969
040 _cCHAP
090 _aTesis
100 0 0 _aBianco, Rodolfo.
_912183
245 _aDisposición espacial de Aeneolamia spp. (Homoptera : Cercopiade) en praderas de gramíneas tropicales
260 _aChapingo, Méx. :
_bEl autor,
_c1982
300 _a123 h.
_b; gráfs.
502 _aTesis (M. C. Esp. en Entomología) -- C. P. Centro de Entomología
590 _aALEPH
_b10
_c20130110
_lUCH01
_h1238
590 _aBATCH-UPD
_b10
_c20130110
_lUCH01
_h0156
590 _aBATCH-UPD
_b10
_c20130110
_lUCH01
_h1832
590 _aBATCH-UPD
_b10
_c20130410
_lUCH01
_h1204
590 _aBATCH-UPD
_b10
_c20130914
_lUCH01
_h0613
590 _aCONVERSION
_b10
_c20130109
_lUCH01
_h1310
650 1 4 _aMosca pinta.
_978992
650 1 4 _aPastos
_xTrópicos.
_986085
650 1 4 _aPraderas.
_991230
901 _aBK
942 _cTESIS
949 _bBC
_cTES
_d-48977
_eTS1
_i20969
_si
999 _c15915
_d15915